| 000 | 00494nam a22001697a 4500 | ||
|---|---|---|---|
| 005 | 20260309153406.0 | ||
| 008 | 260309b |||||||| |||| 00| 0 eng d | ||
| 020 | _a978-93-91558-10-9 | ||
| 041 | _aMarathi | ||
| 082 | _aX 891 VAI B12269 | ||
| 100 |
_aवैद्य, मा. गो. _9216873 |
||
| 245 | _aराष्ट्र राज्य आणि शासन | ||
| 260 |
_aPune _bBharatiya Vichar Sadhana _c2023 |
||
| 300 |
_a268p _bpb |
||
| 365 |
_aRupaye _b250 _cINR |
||
| 942 | _cBK | ||
| 999 |
_c370618 _d370618 |
||